Perspectives on n ational security in South Asia in search of a new paradigm (Record no. 105799)

MARC details
000 -LEADER
fixed length control field 00417nam a2200157Ia 4500
008 - FIXED-LENGTH DATA ELEMENTS--GENERAL INFORMATION
fixed length control field 230917s9999||||xx |||||||||||||| ||und||
020 ## - ISBN
Price RS800
040 ## - CATALOGING SOURCE
-- 34223
Original cataloging agency VIVEKANANDA LIBRARY
041 ## - Language
-- English
082 ## - DDC NUMBER
Classification number 327.116 P432P
100 ## - MAIN ENTRY--PERSONAL NAME
Personal name Chari, P R
245 #0 - TITLE STATEMENT
Title Perspectives on n ational security in South Asia in search of a new paradigm
260 ## - PUBLICATION, DISTRIBUTION, ETC. (IMPRINT)
Place of publication, distribution, etc New Delhi
Name of publisher, distributor, etc Manohar
Date of publication, distribution, etc 1999
300 ## - PHYSICAL DESCRIPTION
Pages 496 p.
942 ## - ADDED ENTRY ELEMENTS (KOHA)
Koha item type Books
Holdings
Withdrawn status Lost status Damaged status Not for loan Location (home branch) Sublocation or collection (holding branch) Date acquired Koha issues (times borrowed) Koha full call number Accession No. Koha date last seen Koha item type
        VIVEKANANDA LIBRARY VIVEKANANDA LIBRARY 28/08/2002   327.116 P432P 191252 17/09/2023 Books
© Designed and Maintained by Vivekananda Library, MDU Rohtak